IMPORT/EXPORT PROCEDURES (Registro nro. 52998)
[ vista simple ]
| 000 -LEADER | |
|---|---|
| fixed length control field | 00924nam a2200205 a 4500 |
| 001 - CONTROL NUMBER | |
| control field | 52998 |
| 005 - DATE AND TIME OF LATEST TRANSACTION | |
| control field | 20180714043056.0 |
| 008 - FIXED-LENGTH DATA ELEMENTS--GENERAL INFORMATION | |
| fixed length control field | 140415d 000 0 spa d |
| 020 ## - INTERNATIONAL STANDARD BOOK NUMBER | |
| International Standard Book Number | 0538614218 |
| 041 ## - LANGUAGE CODE | |
| Language code of text/sound track or separate title | spa |
| 082 ## - DEWEY DECIMAL CLASSIFICATION NUMBER | |
| Classification number | 658.848 |
| Item number | KRU |
| 100 1# - MAIN ENTRY--PERSONAL NAME | |
| Personal name | KRUZEL, SANDRA L. |
| 245 10 - TITLE STATEMENT | |
| Title | IMPORT/EXPORT PROCEDURES |
| 250 ## - EDITION STATEMENT | |
| Edition statement | 1a ed. |
| 260 ## - PUBLICATION, DISTRIBUTION, ETC. | |
| Place of publication, distribution, etc. | [s.l.] : |
| Name of publisher, distributor, etc. | SOUTH-WESTERN PUBLISHIG CO., |
| Date of publication, distribution, etc. | [s.f.] |
| 300 ## - PHYSICAL DESCRIPTION | |
| Extent | 550 |
| Dimensions | 20.9 x 0.9 x 27.1 |
| 520 ## - SUMMARY, ETC. | |
| Summary, etc. | INTERNATIONAL STUDIES: IMPORT/ EXPORT PROCEDIRES WAS WRITTEN TO ENCOURAGE THE INTEGRATION OF BASIC INTERNATIONAÑ TRADE CONCEPTS WITHIN THE SCHOOL CURRICULUM. THIS TEXT/WORKBOOK MAY BE USED IN BUSINESS EDUCATION, MARKETING EDUCATION, OR SOCIAL STUDIES AS A STAND-ALOME SEMESTER SOUSE, OF INTEGRATED WITH OTHERS PROGRAMS WHICH SHOULD FOCUS SOMEWHAT ON INTERNATIONAL STUDIES. |
| 650 14 - SUBJECT ADDED ENTRY--TOPICAL TERM | |
| Topical term or geographic name entry element | PLANIFICACION ESTRATEGICA |
| 700 1# - ADDED ENTRY--PERSONAL NAME | |
| Personal name | REYNOLDS, FRANK |
| Relator term | coaut. |
| Withdrawn status | Lost status | Source of classification or shelving scheme | Damaged status | Not for loan | Collection code | Home library | Current library | Shelving location | Date acquired | Source of acquisition | Inventory number | Total Checkouts | Full call number | Barcode | Date last seen | Price effective from | Koha item type |
|---|---|---|---|---|---|---|---|---|---|---|---|---|---|---|---|---|---|
| Dewey Decimal Classification | General | Biblioteca Karol Wojtyla | Biblioteca Karol Wojtyla | Área de silencio | 03/12/2013 | Compra | 151000000000000000030078 | 658.848 KRU | 78781 | 05/01/2026 | 03/12/2013 | Libro |